[Event "Wch U16"]
[Site "Maribor"]
[Date "2012.11.16"]
[Round "9.56"]
[White "Comas, Rinell"]
[Black "Vesce, Emanuele"]
[Result "1/2-1/2"]
[WhiteElo "1793"]
[BlackElo "1880"]
[PlyCount "49"]
[EventDate "2012.11.08"]
[EventType "swiss"]
[EventRounds "11"]
[EventCountry "SLO"]
[SourceTitle "EXT 2013"]
[Source "ChessBase"]
[SourceDate "2012.11.22"]
[SourceVersion "1"]
[SourceVersionDate "2012.11.22"]
[SourceQuality "1"]

1. e4 c5 2. Nf3 d6 3. d4 cxd4 4. Nxd4 Nf6 5. Nc3 a6 6. g3 e5 7. Nde2 b5 8. Bg2 Bb7 9. h3 Nbd7 10. Be3 b4 11. Nd5 Nxd5 12. exd5 Qc7 13. 0-0 Nb6 14. c3 bxc3 15. Bxb6 Qxb6 16. Qa4+ Qb5 17. Qxb5+ axb5 18. Nxc3 b4 19. Ne4 Be7 20. Rfc1 Kd7 21. Rc4 Rhb8 22. Rxb4 Bxd5 23. Rxb8 Rxb8 24. Nf6+ Bxf6 25. Bxd5 1/2-1/2

[Event "Wch U16"]
[Site "Maribor"]
[Date "2012.11.12"]
[Round "6.54"]
[White "Ersoz, Bartu"]
[Black "Comas, Rinell"]
[Result "1-0"]
[WhiteElo "1935"]
[BlackElo "1793"]
[PlyCount "87"]
[EventDate "2012.11.08"]
[EventType "swiss"]
[EventRounds "11"]
[EventCountry "SLO"]
[SourceTitle "EXT 2013"]
[Source "ChessBase"]
[SourceDate "2012.11.22"]
[SourceVersion "1"]
[SourceVersionDate "2012.11.22"]
[SourceQuality "1"]

1. e4 c5 2. Nf3 d6 3. d4 cxd4 4. Qxd4 Nc6 5. Bb5 Bd7 6. Bxc6 bxc6 7. Nc3 Nf6 8. Bg5 e6 9. e5 dxe5 10. Nxe5 Be7 11. 0-0-0 Nd5 12. Bxe7 Qxe7 13. Nxd7 Qxd7 14. Qxg7 0-0-0 15. Nxd5 cxd5 16. g3 Rdg8 17. Qd4 Kb7 18. Rd3 Rc8 19. Ra3 Ka8 20. Rd1 Rhd8 21. Rdd3 Rc7 22. Rdc3 Rb7 23. Rab3 Rxb3 24. Rxb3 Qc7 25. Rc3 Qa5 26. a3 Qb5 27. Rb3 Qf1+ 28. Kd2 e5 29. Qe3 Rc8 30. Qf3 Qc4 31. Rc3 Qd4+ 32. Rd3 Qxb2 33. Qxd5+ Qb7 34. Qxb7+ Kxb7 35. Rd7+ Rc7 36. Rxc7+ Kxc7 37. Kd3 f5 38. Kc4 Kc6 39. a4 a6 40. h3 h5 41. h4 e4 42. Kd4 Kd6 43. c4 a5 44. c5+ 1-0

[Event "Central America-ch U14"]
[Site "Medellin"]
[Date "2010.12.11"]
[Round "4"]
[White "Comas, Rinell"]
[Black "Acevedo, Julian Steven"]
[Result "0-1"]
[WhiteElo "1709"]
[BlackElo "1781"]
[PlyCount "60"]
[EventDate "2010.12.09"]
[EventType "swiss"]
[EventRounds "7"]
[EventCountry "COL"]
[SourceTitle "EXT 2013"]
[Source "ChessBase"]
[SourceDate "2012.11.22"]
[SourceVersion "1"]
[SourceVersionDate "2012.11.22"]
[SourceQuality "1"]

1. e4 c5 2. Nf3 Nc6 3. d4 cxd4 4. Nxd4 Qb6 5. Nxc6 bxc6 6. Nc3 e6 7. Bd3 d5 8. exd5 cxd5 9. 0-0 Nf6 10. Rb1 Bd7 11. Bf4 Be7 12. Qd2 0-0 13. Be5 Bc6 14. Bb5 Bxb5 15. Nxb5 a6 16. Nc3 Nd7 17. Bg3 Bf6 18. Nd1 Nc5 19. Re1 Ne4 20. Bf4 Rfc8 21. c3 Rc6 22. Qe3 Qa5 23. Ra1 Qa4 24. Qf3 Nc5 25. a3 Nb3 26. Ra2 Qc4 27. Qe2 Qxe2 28. Rxe2 Nc1 29. b4 Nxa2 30. Rxa2 Bxc3 0-1